header

Air and sea power in World War I (Record no. 23940)

MARC details
000 -LEADER
fixed length control field 01561nam a2200373 a 4500
082 04 - DEWEY DECIMAL CLASSIFICATION NUMBER
Classification number 940.44941
100 1# - MAIN ENTRY--AUTHOR NAME
Personal name Philpott, Maryam.
245 10 - TITLE STATEMENT
Title Air and sea power in World War I
260 ## - PUBLICATION, DISTRIBUTION, ETC. (IMPRINT)
Place of publication London ;
-- New York :
Name of publisher I.B.Tauris,
Year of publication 2013.
300 ## - PHYSICAL DESCRIPTION
Number of Pages ix, 258 p.
490 1# - SERIES STATEMENT
Series statement International library of war studies ;
650 #0 - SUBJECT ADDED ENTRY--TOPICAL TERM
Topical Term World War, 1914-1918
Topical Term World War, 1914-1918
856 40 - ELECTRONIC LOCATION AND ACCESS
Uniform Resource Identifier http://site.ebrary.com/lib/rucke/Doc?id=10695818

No items available.

© 2026 Rongo University
Contact us: librarian | system librarian | Rongo university